| 000 | 01012nam a2200277Ia 4500 | ||
|---|---|---|---|
| 003 | OSt | ||
| 005 | 20221005105800.0 | ||
| 006 | a|||||r|||| 00| 0 | ||
| 007 | ta | ||
| 008 | 221004b |||||||| |||| 00| 0 hin d | ||
| 020 |
_a9788171383986 (pbk) _cIndian Rupees 200 |
||
| 024 | _a37329 | ||
| 037 |
_bGift, 19/04/2018, _cTextual |
||
| 040 |
_aCRL _cCRL _bhin |
||
| 041 |
_2hin _ahin |
||
| 082 | _aO152,1NNA:g, Q8 | ||
| 100 | _aदीवान, जाहिदुल, संपा. | ||
| 245 | 0 | _aनागार्जुन दिल्ली में | |
| 246 | _aNāgārjun dillī mean | ||
| 260 |
_aनई दिल्ली _bसामयिक पेपरबैक्स भारत _c2018 |
||
| 300 |
_a191पृ0 _ccm. |
||
| 650 | _a हिन्दी साहित्य | ||
| 650 | _aहिन्दी कविता | ||
| 942 |
_hO152,1NNA:g, Q8 _cTEXL _2cc |
||
| 999 |
_c1016891 _d1016891 |
||